<?xml version="1.0" encoding="UTF-8"?>
<collection xmlns="http://www.loc.gov/MARC21/slim">
 <record>
  <leader>01954nam a2200265 a 4500</leader>
  <controlfield tag="001">1/54793</controlfield>
  <controlfield tag="008">211223s2013    gr       b    000 | gre d</controlfield>
  <datafield tag="040" ind1=" " ind2=" ">
   <subfield code="a">GR-PeUP</subfield>
  </datafield>
  <datafield tag="082" ind1="0" ind2="0">
   <subfield code="a">306.349094951 ΚΑΜ</subfield>
  </datafield>
  <datafield tag="100" ind1="1" ind2=" ">
   <subfield code="a">Καμπέρης, Νίκος.</subfield>
  </datafield>
  <datafield tag="245" ind1="0" ind2="0">
   <subfield code="a">Αγροτική κρίση, εργασιακή ανασφάλεια και κοινωνική αβεβαιότητα στους νέους αγρότες :</subfield>
   <subfield code="b">έρευνα στον νομό Αιτωλοακαρνανίας 1997-2001 / </subfield>
   <subfield code="c">Νίκος Καμπέρης.</subfield>
  </datafield>
  <datafield tag="260" ind1=" " ind2=" ">
   <subfield code="a">Αθήνα :</subfield>
   <subfield code="b">Ακαδημία Αθηνών.Κέντρον Ερεύνης της Ελληνικής Κοινωνίας,</subfield>
   <subfield code="c">2013.</subfield>
  </datafield>
  <datafield tag="300" ind1=" " ind2=" ">
   <subfield code="a">184 σ. ;</subfield>
   <subfield code="c">24 εκ.</subfield>
  </datafield>
  <datafield tag="490" ind1="1" ind2=" ">
   <subfield code="a">Δημοσιεύματα του Κέντρου Ερεύνης της Ελληνικής Κοινωνίας ;</subfield>
  </datafield>
  <datafield tag="490" ind1="1" ind2=" ">
   <subfield code="a">Ανθρωπολογικές και Κοινωνιολογικές Όψεις του Αγροτικού Χώρου της Ελληνικής Κοινωνίας / Ακαδημία Αθηνών ;</subfield>
  </datafield>
  <datafield tag="504" ind1=" " ind2=" ">
   <subfield code="a">Περιέχει βιβλιογραφία.</subfield>
  </datafield>
  <datafield tag="650" ind1=" " ind2="0">
   <subfield code="a">Sociology, Rural</subfield>
   <subfield code="z">Greece.</subfield>
  </datafield>
  <datafield tag="650" ind1=" " ind2="0">
   <subfield code="a">Rural development</subfield>
   <subfield code="z">Greece.</subfield>
  </datafield>
  <datafield tag="650" ind1=" " ind2="4">
   <subfield code="a">Κοινωνιολογία, Αγροτική</subfield>
   <subfield code="z">Ελλάδα.</subfield>
  </datafield>
  <datafield tag="650" ind1=" " ind2="4">
   <subfield code="a">Κοινωνιολογία, Αγροτική</subfield>
   <subfield code="x">Έρευνα</subfield>
   <subfield code="z">Ελλάδα </subfield>
   <subfield code="z">Αιτωλοακαρνανία (Νομός).</subfield>
  </datafield>
  <datafield tag="650" ind1=" " ind2="4">
   <subfield code="a">Γεωργία</subfield>
   <subfield code="x">Οικονομικές απόψεις</subfield>
   <subfield code="z">Ελλάδα</subfield>
   <subfield code="y">1997-2001.</subfield>
  </datafield>
  <datafield tag="830" ind1="0" ind2="0">
   <subfield code="a">Δημοσιεύματα του Κέντρου Ερεύνης της Ελληνικής Κοινωνίας.</subfield>
  </datafield>
  <datafield tag="830" ind1="0" ind2="0">
   <subfield code="a">Ανθρωπολογικές και Κοινωνιολογικές Όψεις του Αγροτικού Χώρου της Ελληνικής Κοινωνίας / Ακαδημία Αθηνών.</subfield>
  </datafield>
  <datafield tag="852" ind1=" " ind2=" ">
   <subfield code="a">INST</subfield>
   <subfield code="b">UNIPILB</subfield>
   <subfield code="c">MAIN</subfield>
   <subfield code="e">20211223</subfield>
   <subfield code="h">306.349094951 ΚΑΜ</subfield>
   <subfield code="p">00177344</subfield>
   <subfield code="q">00177344</subfield>
   <subfield code="t">LOAN</subfield>
   <subfield code="y">0</subfield>
   <subfield code="4">1</subfield>
  </datafield>
  <datafield tag="960" ind1=" " ind2=" ">
   <subfield code="a">ΑΛΜΠΑΝΗ ΤΑΝΙΑ</subfield>
  </datafield>
 </record>
</collection>
